[Event "BL 1920 (Women)"]
[Site "Germany"]
[Date "2019.12.15"]
[Round "4.6"]
[White "Mangei, Jasmin"]
[Black "Kubikova, Hana"]
[Result "0-1"]
[WhiteElo "1881"]
[BlackElo "2046"]
[PlyCount "68"]
[EventDate "2019.09.14"]
[EventType "team-tourn"]
[EventRounds "11"]
[EventCountry "GER"]
[SourceTitle "CBM 194 Extra"]
[Source "ChessBase"]
[SourceDate "2020.03.31"]
[SourceVersion "1"]
[SourceVersionDate "2020.03.31"]
[SourceQuality "1"]
[WhiteTeam "Karlsruhe (W)"]
[BlackTeam "Rodewisch (W)"]
[WhiteTeamCountry "GER"]
[BlackTeamCountry "GER"]

1. e4 c5 2. Nf3 e6 3. c3 Nc6 4. d4 cxd4 5. cxd4 d6 6. Nc3 Nf6 7. Be2 Be7 8. 0-0 0-0 9. h3 a6 10. Be3 d5 11. e5 Ne4 12. Nxe4 dxe4 13. Nd2 Nxd4 14. Nxe4 Nxe2+ 15. Qxe2 Bd7 16. Rfd1 Qc7 17. Qg4 Kh8 18. Rac1 Bc6 19. Nd6 Bxd6 20. exd6 Qd7 21. Bb6 f5 22. Qh4 Rf6 23. Rc3 Re8 24. f4 e5 25. fxe5 Rxe5 26. Bc5 Re2 27. Rg3 f4 28. Rg5 f3 29. gxf3 Bxf3 30. Re1 Rxe1+ 31. Qxe1 h6 32. Rg3 Qc6 33. Qe7 Qxc5+ 34. Kf1 Bd5+ 0-1

[Event "BL 1920 (Women)"]
[Site "Germany"]
[Date "2019.12.14"]
[Round "3.6"]
[White "Just, Anita"]
[Black "Mangei, Jasmin"]
[Result "1-0"]
[WhiteElo "1874"]
[BlackElo "1881"]
[PlyCount "71"]
[EventDate "2019.09.14"]
[EventType "team-tourn"]
[EventRounds "11"]
[EventCountry "GER"]
[SourceTitle "CBM 194 Extra"]
[Source "ChessBase"]
[SourceDate "2020.03.31"]
[SourceVersion "1"]
[SourceVersionDate "2020.03.31"]
[SourceQuality "1"]
[WhiteTeam "Leipzig Weissblau (W)"]
[BlackTeam "Karlsruhe (W)"]
[WhiteTeamCountry "GER"]
[BlackTeamCountry "GER"]

1. e4 e5 2. Nf3 Nc6 3. Bc4 Bc5 4. c3 Nf6 5. d4 exd4 6. 0-0 d5 7. exd5 Nxd5 8. Qb3 Nce7 9. Qb5+ c6 10. Qxc5 0-0 11. Qxd4 Qc7 12. Qe5 Qb6 13. a4 Bg4 14. a5 Qd8 15. Qg3 Nf6 16. Bg5 Nf5 17. Qf4 Bxf3 18. Qxf3 Nd6 19. Bxf6 Qxf6 20. Qxf6 gxf6 21. Nd2 Rad8 22. Bb3 Kh8 23. Rfe1 Nf5 24. Nf3 Kg7 25. Rad1 Nd6 26. g3 f5 27. Re7 Kf6 28. Rde1 b6 29. Rxa7 bxa5 30. Rxa5 Rb8 31. Nd4 Rfc8 32. Rc5 Rb6 33. Ba4 Rxb2 34. Rxc6 Rxc6 35. Bxc6 Ra2 36. Nb5 1-0

[Event "BL 1819 (Women)"]
[Site "Germany"]
[Date "2018.10.28"]
[Round "2.6"]
[White "Mangei, Jasmin"]
[Black "Frey, Alisa"]
[Result "1/2-1/2"]
[WhiteElo "1867"]
[BlackElo "2090"]
[PlyCount "144"]
[EventDate "2018.10.27"]
[EventType "team-tourn"]
[EventRounds "11"]
[EventCountry "GER"]
[SourceTitle "CBM 188 Extra"]
[Source "ChessBase"]
[SourceDate "2019.02.26"]
[SourceVersion "1"]
[SourceVersionDate "2019.02.26"]
[SourceQuality "1"]
[WhiteTeam "Karlsruhe (W)"]
[BlackTeam "Bad Koenigshofen (W)"]
[WhiteTeamCountry "GER"]
[BlackTeamCountry "GER"]

1. e4 c5 2. Nf3 Nc6 3. Bb5 d6 4. Bxc6+ bxc6 5. 0-0 Bg4 6. d3 e5 7. h3 Bh5 8. Nbd2 Be7 9. Re1 Bg5 10. Nf1 Bxc1 11. Rxc1 Ne7 12. Ng3 Bg6 13. Nh4 0-0 14. Qg4 Qc8 15. Nhf5 Bxf5 16. exf5 f6 17. f4 Rb8 18. b3 Rf7 19. fxe5 fxe5 20. Rf1 Qd7 21. Rf3 Nd5 22. Nh5 Rbf8 23. Rcf1 Nf6 24. Nxf6+ Rxf6 25. Qe4 Re8 26. Qc4+ Qf7 27. Qxf7+ Rxf7 28. g4 e4 29. Re3 d5 30. dxe4 Re5 31. Rfe1 Rfe7 32. Kf2 dxe4 33. Kg3 g5 34. c4 Kf7 35. Rd1 Ke8 36. Rd6 Rd7 37. Rxd7 Kxd7 38. h4 h6 39. hxg5 hxg5 40. Kf2 Re8 41. Rh3 a5 42. Rh5 Kd6 43. Rxg5 Ke5 44. Ke3 Rh8 45. Rh5 Rg8 46. f6+ Kxf6 47. Rxc5 Rxg4 48. Rxa5 Ke6 49. b4 Kd6 50. a4 Kc7 51. Re5 Rg1 52. Kxe4 Rb1 53. b5 cxb5 54. axb5 Rd1 55. Rd5 Rc1 56. Kd4 Kb6 57. Rd6+ Kc7 58. Rc6+ Kb7 59. Kc5 Rh1 60. Rg6 Rh7 61. Kb4 Rh4 62. Re6 Rg4 63. Kc5 Rg5+ 64. Kd6 Kb6 65. Kd7+ Kb7 66. Kd6 Kb6 67. Re5 Rg1 68. c5+ Kxb5 69. c6+ Kb6 70. c7 Rd1+ 71. Rd5 Rxd5+ 72. Kxd5 Kxc7 1/2-1/2

[Event "BL 1718 (Women)"]
[Site "Germany"]
[Date "2018.03.24"]
[Round "10.6"]
[White "Daulyte Cornette, Deimante"]
[Black "Mangei, Jasmin"]
[Result "1-0"]
[WhiteElo "2404"]
[BlackElo "1871"]
[PlyCount "85"]
[EventDate "2017.10.01"]
[EventType "team-tourn"]
[EventRounds "11"]
[EventCountry "GER"]
[SourceTitle "EXT 2019"]
[Source "ChessBase"]
[SourceDate "2018.10.10"]
[SourceVersion "1"]
[SourceVersionDate "2018.10.10"]
[SourceQuality "1"]
[WhiteTeam "Schwaebisch Hall (W)"]
[BlackTeam "Karlsruhe (W)"]
[WhiteTeamCountry "GER"]
[BlackTeamCountry "GER"]

1. e4 e5 2. Nf3 Nc6 3. Bb5 a6 4. Ba4 Nf6 5. 0-0 b5 6. Bb3 Be7 7. d3 0-0 8. Nc3 d6 9. a3 Na5 10. Ba2 c5 11. b4 cxb4 12. axb4 Nc6 13. Nd5 Nxd5 14. Bxd5 Qc7 15. Ra3 Bb7 16. Bd2 Rac8 17. Ne1 Nd4 18. Ba2 Qd7 19. c3 Ne6 20. Qg4 Nc5 21. Qh5 Na4 22. f4 Bf6 23. fxe5 Bxe5 24. Nf3 Bf6 25. Ng5 Bxg5 26. Qxg5 Rcd8 27. Be3 d5 28. Bd4 f6 29. Bxf6 Rde8 30. Bd4 Kh8 31. Rxf8+ Rxf8 32. Bxd5 Bxd5 33. Qxd5 Qg4 34. Ra1 Qc8 35. Qe5 Rf7 36. Rf1 Rxf1+ 37. Kxf1 Qf8+ 38. Qf5 Qe8 39. e5 Kg8 40. e6 Qe7 41. Qd5 h6 42. h4 Kh7 43. Qd7 1-0

[Event "BL 1718 (Women)"]
[Site "Germany"]
[Date "2017.10.01"]
[Round "1.6"]
[White "Haussernot, Cecile"]
[Black "Mangei, Jasmin"]
[Result "1/2-1/2"]
[WhiteElo "2136"]
[BlackElo "1871"]
[PlyCount "110"]
[EventDate "2017.10.01"]
[EventType "team-tourn"]
[EventRounds "11"]
[EventCountry "GER"]
[SourceTitle "EXT 2019"]
[Source "ChessBase"]
[SourceDate "2018.10.10"]
[SourceVersion "1"]
[SourceVersionDate "2018.10.10"]
[SourceQuality "1"]
[WhiteTeam "Baden-Baden (W)"]
[BlackTeam "Karlsruhe (W)"]
[WhiteTeamCountry "GER"]
[BlackTeamCountry "GER"]

1. e4 e5 2. Nf3 Nc6 3. d4 exd4 4. Nxd4 Bc5 5. Nb3 Bb6 6. Qe2 Qf6 7. Nc3 Nge7 8. Be3 0-0 9. 0-0-0 Bxe3+ 10. Qxe3 a6 11. g4 d6 12. g5 Qg6 13. h4 f5 14. Bc4+ Kh8 15. h5 Qe8 16. h6 Qg6 17. f4 fxe4 18. hxg7+ Kxg7 19. Rh6 Qf5 20. Rdh1 Qxf4 21. Rxh7+ Kg6 22. R1h6+ Kf5 23. Kd2 Qxe3+ 24. Kxe3 b5 25. Bf7 Nd8 26. Bh5 Ng8 27. Rg6 Be6 28. Nd4+ Ke5 29. Rxc7 Rc8 30. Rxc8 Bxc8 31. Nxe4 Ne7 32. Nf3+ Rxf3+ 33. Kxf3 Nxg6 34. Bxg6 Bb7 35. Ke3 Ne6 36. Bh7 d5 37. Nf2 Nxg5 38. Nd3+ Kd6 39. Bf5 Nf7 40. b4 Kc6 41. Nc5 Nd6 42. Be6 a5 43. c3 axb4 44. cxb4 Bc8 45. Kd4 Bxe6 46. Nxe6 Nf5+ 47. Ke5 Ne3 48. Nd4+ Kb6 49. Kd6 Nd1 50. Ne2 Ne3 51. Nf4 d4 52. Nd3 Nd1 53. Kd5 Nc3+ 54. Kxd4 Nxa2 55. Kd5 Nc3+ 1/2-1/2

[Event "GER-chT U20 Girls"]
[Site "Borken"]
[Date "2016.12.30"]
[Round "7.3"]
[White "Mangei, Jasmin"]
[Black "Koehler, Inken"]
[Result "0-1"]
[WhiteElo "1893"]
[BlackElo "1973"]
[PlyCount "86"]
[EventDate "2016.12.27"]
[EventType "team-swiss"]
[EventRounds "7"]
[EventCountry "GER"]
[SourceTitle "EXT 2018"]
[Source "ChessBase"]
[SourceDate "2017.10.13"]
[SourceVersion "1"]
[SourceVersionDate "2017.10.13"]
[SourceQuality "1"]
[WhiteTeam "Karlsruhe SF"]
[BlackTeam "Norderstedt Harksheide"]
[WhiteTeamCountry "GER"]
[BlackTeamCountry "GER"]

1. e4 c5 2. Nf3 Nc6 3. Bb5 g6 4. Bxc6 dxc6 5. 0-0 Bg7 6. d3 b6 7. Nbd2 Nh6 8. Re1 e5 9. h3 f6 10. Nf1 Nf7 11. Ng3 Be6 12. Nh2 Qd7 13. f4 0-0-0 14. Nf3 exf4 15. Bxf4 h5 16. Be3 h4 17. Nf1 g5 18. N1h2 Rdg8 19. d4 f5 20. dxc5 fxe4 21. Nd4 bxc5 22. Nxe6 Qxe6 23. Qe2 c4 24. Rab1 a6 25. b3 Bc3 26. Red1 Nd6 27. Rxd6 Qxd6 28. Qxc4 Be5 29. Qxa6+ Kd7 30. Ng4 Bg3 31. Rf1 Bf4 32. Qc4 Rf8 33. Qxe4 Bxe3+ 34. Nxe3 Rxf1+ 35. Nxf1 Qc5+ 36. Kh1 Rf8 37. Qd3+ Kc7 38. Ne3 Re8 39. Nf1 Qf2 40. Kh2 Re1 41. Qd2 Rxf1 42. Qa5+ Kd7 43. Qxg5 Qg1# 0-1

[Event "GER-chT U20 Girls"]
[Site "Borken"]
[Date "2016.12.28"]
[Round "3.3"]
[White "Alferova, Ekaterina"]
[Black "Mangei, Jasmin"]
[Result "1/2-1/2"]
[WhiteElo "1480"]
[BlackElo "1893"]
[PlyCount "65"]
[EventDate "2016.12.27"]
[EventType "team-swiss"]
[EventRounds "7"]
[EventCountry "GER"]
[SourceTitle "EXT 2018"]
[Source "ChessBase"]
[SourceDate "2017.10.13"]
[SourceVersion "1"]
[SourceVersionDate "2017.10.13"]
[SourceQuality "1"]
[WhiteTeam "Forstenried"]
[BlackTeam "Karlsruhe SF"]
[WhiteTeamCountry "GER"]
[BlackTeamCountry "GER"]

1. Nf3 Nf6 2. d3 d5 3. g3 e6 4. Bg2 Bd6 5. 0-0 Nbd7 6. Nbd2 0-0 7. e4 c6 8. Nh4 Bc5 9. Nb3 Bb6 10. Kh1 Re8 11. f4 dxe4 12. dxe4 Nc5 13. Nxc5 Bxc5 14. Qe2 e5 15. f5 b6 16. Rd1 Qe7 17. g4 Ba6 18. Qf3 Nxe4 19. Qxe4 Qxh4 20. Be3 Bxe3 21. Qxe3 Rac8 22. Rd7 Qxg4 23. Rxa7 Bc4 24. f6 Re6 25. h3 Qd4 26. Qxd4 exd4 27. fxg7 Kxg7 28. Rd1 Rd8 29. Rc7 Bd5 30. Rd2 c5 31. Bxd5 Rxd5 32. Rg2+ Rg6 33. Rf2 1/2-1/2

[Event "GER-chT U20 Girls"]
[Site "Borken"]
[Date "2016.12.27"]
[Round "1.3"]
[White "Leinemann, Vivien Sophie"]
[Black "Mangei, Jasmin"]
[Result "1/2-1/2"]
[WhiteElo "1588"]
[BlackElo "1893"]
[PlyCount "116"]
[EventDate "2016.12.27"]
[EventType "team-swiss"]
[EventRounds "7"]
[EventCountry "GER"]
[SourceTitle "EXT 2018"]
[Source "ChessBase"]
[SourceDate "2017.10.13"]
[SourceVersion "1"]
[SourceVersionDate "2017.10.13"]
[SourceQuality "1"]
[WhiteTeam "Hamburger SK"]
[BlackTeam "Karlsruhe SF"]
[WhiteTeamCountry "GER"]
[BlackTeamCountry "GER"]

1. e4 e5 2. Nf3 Nc6 3. Bb5 a6 4. Ba4 Nf6 5. d3 b5 6. Bb3 Be7 7. 0-0 d6 8. c3 0-0 9. Nbd2 Na5 10. Bc2 c5 11. Re1 Qc7 12. Nf1 Nc6 13. Ng3 Bd7 14. Be3 Rac8 15. Rc1 Qb8 16. d4 cxd4 17. cxd4 Nb4 18. Bb1 Nc6 19. h3 Rc7 20. Qd2 Rfc8 21. Red1 Nd8 22. Rxc7 Qxc7 23. Rc1 Qb8 24. Rxc8 Bxc8 25. Qc3 b4 26. Qb3 Be6 27. d5 Bd7 28. Bd2 a5 29. a3 Nb7 30. axb4 axb4 31. Qxb4 Qa8 32. Be3 Bc8 33. Qa3 Qxa3 34. bxa3 Bd8 35. Nd2 Na5 36. Bd3 Bd7 37. f3 Kf8 38. Nc4 Nxc4 39. Bxc4 Ba5 40. Ne2 Ke7 41. Kf1 Ne8 42. Bc1 Nc7 43. Bb2 f5 44. Nc3 f4 45. Ke2 Na8 46. Kd3 Nb6 47. Bb3 Kd8 48. a4 Bxc3 49. Bxc3 Nxa4 50. Bxa4 Bxa4 51. Bb4 Kd7 52. Kd2 Bb5 53. Ke1 Bd3 54. Ba3 g5 55. Bb4 h5 56. Kf2 g4 57. hxg4 hxg4 58. Ba3 g3+ 1/2-1/2

[Event "GER-chT Lands U20"]
[Site "Hannover"]
[Date "2016.10.01"]
[Round "1.4"]
[White "Faerber, David"]
[Black "Mangei, Jasmin"]
[Result "0-1"]
[WhiteElo "2114"]
[BlackElo "1869"]
[PlyCount "77"]
[EventDate "2016.10.01"]
[EventType "team-swiss"]
[EventRounds "7"]
[EventCountry "GER"]
[SourceTitle "CBM 174 Extra"]
[Source "ChessBase"]
[SourceDate "2016.10.10"]
[SourceVersion "1"]
[SourceVersionDate "2016.10.10"]
[SourceQuality "1"]
[WhiteTeam "Baden"]
[BlackTeam "Baden II"]
[WhiteTeamCountry "GER"]
[BlackTeamCountry "GER"]

1. e4 d5 2. exd5 Qxd5 3. Nc3 Qd6 4. d4 a6 5. g3 Nf6 6. Bf4 Qb6 7. Qd2 e6 8. 0-0-0 Be7 9. Nf3 0-0 10. Bd3 Bd7 11. Ne4 Bc6 12. Qe2 Nbd7 13. Nxf6+ Nxf6 14. Be5 Qa5 15. Kb1 b5 16. Bxf6 Bxf6 17. Be4 Qb6 18. h4 Rad8 19. Ng5 Bxe4 20. Qxe4 g6 21. Nf3 c5 22. h5 cxd4 23. g4 Qc5 24. hxg6 hxg6 25. Qf4 Bg7 26. Ng5 Qe5 27. Qd2 Rd5 28. f4 Qe3 29. Qh2 Rfd8 30. Rhe1 Qxe1 31. Rxe1 d3 32. c3 Rc8 33. Ne4 b4 34. Rc1 bxc3 35. Nxc3 d2 36. Rd1 Bxc3 37. bxc3 Rxc3 38. Rxd2 Rcd3 39. Rxd3 0-1

[Event "BL2-Sued 1516"]
[Site "Germany"]
[Date "2016.02.21"]
[Round "7.8"]
[White "Gibicar, Danijel"]
[Black "Mangei, Jasmin"]
[Result "1-0"]
[WhiteElo "2241"]
[BlackElo "1882"]
[PlyCount "85"]
[EventDate "2015.09.20"]
[EventType "team-tourn"]
[EventRounds "9"]
[EventCountry "GER"]
[SourceTitle "EXT 2017"]
[Source "ChessBase"]
[SourceDate "2016.10.25"]
[SourceVersion "1"]
[SourceVersionDate "2016.10.25"]
[SourceQuality "1"]
[WhiteTeam "Eppingen"]
[BlackTeam "Untergrombach"]
[WhiteTeamCountry "GER"]
[BlackTeamCountry "GER"]

1. e4 e5 2. Nf3 Nc6 3. Bb5 a6 4. Ba4 Nf6 5. d3 d6 6. c3 Be7 7. 0-0 0-0 8. Re1 b5 9. Bb3 Na5 10. Bc2 c5 11. Nbd2 Qc7 12. Nf1 Nc6 13. Ne3 Bd7 14. h3 Bd8 15. Nh2 Ne7 16. Nhg4 Nxg4 17. hxg4 Be6 18. Qf3 Qd7 19. Nf5 d5 20. Qh3 Ng6 21. g3 Re8 22. Kg2 d4 23. Rh1 Nf8 24. cxd4 cxd4 25. Bd2 a5 26. f4 Rc8 27. Bd1 f6 28. Nh4 b4 29. f5 Bf7 30. Nf3 g6 31. Bh6 Re7 32. Bxf8 Kxf8 33. Qxh7 Bg8 34. Qxg6 Rg7 35. Qh6 Rc7 36. g5 Qe7 37. gxf6 Qxf6 38. Qxf6+ Bxf6 39. Kf2 Ke7 40. Rg1 Kd6 41. g4 Bg5 42. Nxg5 Rxg5 43. Rh1 1-0

[Event "GER-chT U20 Girls"]
[Site "Osnabrueck"]
[Date "2015.12.29"]
[Round "5.2"]
[White "Denz, Annika"]
[Black "Mangei, Jasmin"]
[Result "1/2-1/2"]
[WhiteElo "1592"]
[BlackElo "1872"]
[PlyCount "113"]
[EventDate "2015.12.27"]
[EventType "team-swiss"]
[EventRounds "7"]
[EventCountry "GER"]
[SourceTitle "EXT 2017"]
[Source "ChessBase"]
[SourceDate "2016.10.25"]
[SourceVersion "1"]
[SourceVersionDate "2016.10.25"]
[SourceQuality "1"]
[WhiteTeam "Freiburg Zaehringen"]
[BlackTeam "Karlsruhe"]
[WhiteTeamCountry "GER"]
[BlackTeamCountry "GER"]

1. h4 e5 2. d4 exd4 3. Nf3 Nc6 4. Nxd4 Nf6 5. Bg5 h6 6. Bf4 Bc5 7. e3 d6 8. Bb5 Bd7 9. Nc3 Ne5 10. Bxe5 dxe5 11. Nb3 Bb4 12. Bxd7+ Qxd7 13. Qxd7+ Nxd7 14. Ke2 Bxc3 15. bxc3 0-0-0 16. a4 Nf6 17. f3 Rd6 18. c4 Rhd8 19. Rab1 Nd7 20. a5 Rc6 21. Nd2 Nc5 22. Rb4 Rcd6 23. Nb1 b6 24. axb6 cxb6 25. Rb2 Kb7 26. Ra2 a5 27. Kf2 Kc6 28. Nc3 Rd2+ 29. Kg3 R8d6 30. Rg1 f5 31. Nd5 Re6 32. Kh3 Na6 33. Rb1 Kc5 34. Ra4 Nb4 35. Nxb4 axb4 36. Raxb4 Rxc2 37. Rb5+ Kxc4 38. R5b4+ Kd5 39. Rb5+ Rc5 40. Rd1+ Kc6 41. Rxc5+ Kxc5 42. Rc1+ Kd6 43. Re1 Ke7 44. Kg3 g5 45. Rd1 Kf6 46. Re1 Rd6 47. hxg5+ Kxg5 48. Kf2 h5 49. g3 Rd2+ 50. Kf1 h4 51. Kg1 e4 52. gxh4+ Kxh4 53. Kf1 exf3 54. Rc1 Rd6 55. Kf2 Rf6 56. Re1 Rf7 57. Kxf3 1/2-1/2

[Event "GER-chT Lands U20"]
[Site "Hannover"]
[Date "2015.10.07"]
[Round "7.4"]
[White "Weishaeutel, Moritz"]
[Black "Mangei, Jasmin"]
[Result "1/2-1/2"]
[WhiteElo "1960"]
[BlackElo "1865"]
[PlyCount "82"]
[EventDate "2015.10.03"]
[EventType "team-swiss"]
[EventRounds "7"]
[EventCountry "GER"]
[SourceTitle "EXT 2017"]
[Source "ChessBase"]
[SourceDate "2016.10.25"]
[SourceVersion "1"]
[SourceVersionDate "2016.10.25"]
[SourceQuality "1"]
[WhiteTeam "Thueringen (U20)"]
[BlackTeam "Baden (U20) II"]
[WhiteTeamCountry "GER"]
[BlackTeamCountry "GER"]

1. e4 e5 2. Nf3 Nc6 3. Bb5 a6 4. Ba4 Nf6 5. 0-0 Be7 6. d3 b5 7. Bb3 d6 8. c3 0-0 9. Re1 Na5 10. Bc2 c5 11. Nbd2 Qc7 12. Nf1 Bd7 13. h3 Rac8 14. Bg5 Nc6 15. Ne3 Ne8 16. Nd5 Qd8 17. Nxe7+ Nxe7 18. Bb3 Nc7 19. d4 exd4 20. cxd4 Ne6 21. Bxe6 Bxe6 22. dxc5 Rxc5 23. Qd4 Rc4 24. Qd3 Qd7 25. Rad1 Rd8 26. b3 Rcc8 27. Rd2 f6 28. Bf4 d5 29. Rde2 Ng6 30. Bg3 dxe4 31. Qxd7 Bxd7 32. Rxe4 Bc6 33. Re6 Kf7 34. Nh4 Nxh4 35. Re7+ Kf8 36. Bxh4 Re8 37. Rxe8+ Rxe8 38. Rxe8+ Kxe8 39. Bg3 Kd7 40. f4 g6 41. Kf2 Ke6 1/2-1/2

[Event "GER-chT Lands U20"]
[Site "Hannover"]
[Date "2015.10.06"]
[Round "6.3"]
[White "Schumann, Rabea"]
[Black "Mangei, Jasmin"]
[Result "1/2-1/2"]
[WhiteElo "1674"]
[BlackElo "1865"]
[PlyCount "86"]
[EventDate "2015.10.03"]
[EventType "team-swiss"]
[EventRounds "7"]
[EventCountry "GER"]
[SourceTitle "CBM 168 Extra"]
[Source "ChessBase"]
[SourceDate "2015.10.29"]
[SourceVersion "1"]
[SourceVersionDate "2015.10.29"]
[SourceQuality "1"]
[WhiteTeam "Mecklenburg Vorpommern (U20)"]
[BlackTeam "Baden (U20) II"]
[WhiteTeamCountry "GER"]
[BlackTeamCountry "GER"]

1. e4 e5 2. Nf3 Nc6 3. Nc3 Nf6 4. Bb5 a6 5. Bxc6 dxc6 6. d3 Qd6 7. Be3 Bg4 8. h3 Bh5 9. Qe2 Be7 10. 0-0 0-0 11. a3 c5 12. b3 Rad8 13. Nd1 Rfe8 14. Nb2 b5 15. a4 c6 16. Ra2 Nd7 17. Rfa1 Nb8 18. Bd2 Qg6 19. Qe3 Bxf3 20. Qxf3 Bg5 21. Ba5 Rd6 22. Qg3 Qh6 23. Bc7 Bf4 24. Qf3 Rf6 25. Bxb8 Bh2+ 26. Kxh2 Rxf3 27. gxf3 Rxb8 28. axb5 axb5 29. Ra8 Qd6 30. R1a6 h6 31. Rxb8+ Qxb8 32. Rxc6 Qa7 33. Nd1 Qe7 34. Ne3 Kh7 35. Nf5 Qa7 36. Ne3 g6 37. Kg2 Kg7 38. Ng4 h5 39. Ne3 Qe7 40. Kh2 Kf8 41. Rc8+ Kg7 42. Rc6 Kf8 43. Rc8+ Kg7 1/2-1/2

[Event "GER-chT Lands U20"]
[Site "Hannover"]
[Date "2015.10.05"]
[Round "4.4"]
[White "Degenhard, Simon"]
[Black "Mangei, Jasmin"]
[Result "1-0"]
[WhiteElo "1836"]
[BlackElo "1865"]
[PlyCount "85"]
[EventDate "2015.10.03"]
[EventType "team-swiss"]
[EventRounds "7"]
[EventCountry "GER"]
[SourceTitle "CBM 168 Extra"]
[Source "ChessBase"]
[SourceDate "2015.10.29"]
[SourceVersion "1"]
[SourceVersionDate "2015.10.29"]
[SourceQuality "1"]
[WhiteTeam "Wuerttemberg (U20)"]
[BlackTeam "Baden (U20) II"]
[WhiteTeamCountry "GER"]
[BlackTeamCountry "GER"]

1. e4 e5 2. Nf3 Nc6 3. Bb5 a6 4. Ba4 Nf6 5. d3 b5 6. Bb3 Be7 7. 0-0 d6 8. c3 0-0 9. Re1 Na5 10. Bc2 c5 11. Nbd2 Qc7 12. Nf1 Bd7 13. Ng3 Nc6 14. Nh4 Nxe4 15. Rxe4 f5 16. Bb3+ Kh8 17. Ngxf5 Bxf5 18. Nxf5 Rxf5 19. a4 Raf8 20. Be3 Na5 21. Bd5 c4 22. axb5 axb5 23. dxc4 Nxc4 24. Bxc4 bxc4 25. Ra7 Qc6 26. Qg4 R5f7 27. Rxc4 Qb5 28. Rcc7 Qxb2 29. h3 Re8 30. Rxe7 Rfxe7 31. Rxe7 Rg8 32. Qe6 Qb8 33. Qf7 Qf8 34. Qxf8 Rxf8 35. Re6 Kg8 36. Rxd6 Rc8 37. Bd2 Kf7 38. Kf1 Ke7 39. Ra6 Rc4 40. Ke2 Kf7 41. Kd3 Rc7 42. Be3 g6 43. Ra7 1-0

[Event "Wiesbaden op 27th"]
[Site "Wiesbaden"]
[Date "2015.08.29"]
[Round "5"]
[White "Puschendorf, Steffen"]
[Black "Mangei, Jasmin"]
[Result "1-0"]
[WhiteElo "2130"]
[BlackElo "1867"]
[PlyCount "153"]
[EventDate "2015.08.27"]
[EventType "swiss"]
[EventRounds "7"]
[EventCountry "GER"]
[SourceTitle "EXT 2016"]
[Source "ChessBase"]
[SourceDate "2015.10.08"]
[SourceVersion "1"]
[SourceVersionDate "2015.10.08"]
[SourceQuality "1"]

1. d4 d5 2. c4 e6 3. Nf3 Nf6 4. g3 Be7 5. Bg2 0-0 6. Qc2 b6 7. 0-0 Bb7 8. cxd5 Nxd5 9. a3 Nd7 10. Rd1 Rc8 11. e4 N5f6 12. Nc3 c5 13. d5 exd5 14. exd5 Bd6 15. Nh4 Ne5 16. Nf5 a6 17. Bg5 h6 18. Bh4 Ng6 19. Ne4 Nxh4 20. Nexd6 Nxf5 21. Nxb7 Qd7 22. d6 Nd4 23. Qd3 Qa4 24. b4 Nd7 25. bxc5 bxc5 26. Bd5 Nc6 27. Rab1 Rb8 28. Rdc1 Nce5 29. Qc3 Rfc8 30. Na5 Rb5 31. Nc4 Nxc4 32. Qxc4 Qxc4 33. Bxc4 Ra5 34. Rc3 Ne5 35. Be2 Rd8 36. Rb6 c4 37. f4 Nd7 38. Rc6 Nb8 39. Rc7 Rd5 40. Bxc4 R5xd6 41. Bxf7+ Kf8 42. Bb3 Nd7 43. Ra7 Rb8 44. Ba4 Rd2 45. Rc1 Nc5 46. Bc6 Rbb2 47. Re1 Re2 48. Rxe2 Rxe2 49. Bd5 Re7 50. Ra8+ Re8 51. Rxe8+ Kxe8 52. Kf2 Ke7 53. Ke3 Kd6 54. Bc4 a5 55. Kd4 Nd7 56. g4 Nf6 57. h3 Nh7 58. Ke4 g6 59. Be2 Nf6+ 60. Kd4 Nd5 61. f5 gxf5 62. gxf5 Nf4 63. Bf1 Nh5 64. Kc4 Kc6 65. Bg2+ Kb6 66. Bf3 Nf6 67. Kd4 Kb5 68. Ke5 Nh7 69. f6 Ka4 70. f7 Kxa3 71. Kf5 Kb4 72. Bd5 Kc5 73. Ba2 Kd6 74. Kg6 Nf8+ 75. Kxh6 Ke7 76. Kg7 a4 77. h4 1-0

[Event "GER-chT U20 Girls"]
[Site "Naumburg Saale"]
[Date "2014.12.28"]
[Round "4.2"]
[White "Mangei, Jasmin"]
[Black "Kluge, Leyla"]
[Result "1-0"]
[WhiteElo "1760"]
[BlackElo "1693"]
[PlyCount "61"]
[EventDate "2014.12.27"]
[EventType "team-swiss"]
[EventRounds "7"]
[EventCountry "GER"]
[SourceTitle "EXT 2016"]
[Source "ChessBase"]
[SourceDate "2015.10.08"]
[SourceVersion "1"]
[SourceVersionDate "2015.10.08"]
[SourceQuality "1"]
[WhiteTeam "Karlsruhe"]
[BlackTeam "Chemnitz USG"]
[WhiteTeamCountry "GER"]
[BlackTeamCountry "GER"]

1. e4 c5 2. Nf3 Nc6 3. Bb5 g6 4. Bxc6 bxc6 5. 0-0 Bg7 6. d3 d6 7. Nbd2 Nf6 8. Re1 0-0 9. e5 Nd5 10. Nc4 Nb6 11. Bf4 d5 12. Ncd2 Na4 13. Rb1 Rb8 14. Nb3 Bg4 15. h3 Bf5 16. Qc1 Qc8 17. e6 Rb7 18. exf7+ Rxf7 19. Ne5 Bxe5 20. Bxe5 Rb4 21. Qe3 c4 22. Nd4 c5 23. Nxf5 Qxf5 24. a3 d4 25. Qg3 Rxb2 26. Rxb2 Nxb2 27. dxc4 Qxc2 28. Bf4 Nd3 29. Bh6 Qb2 30. Rf1 Qb3 31. Qc7 1-0

[Event "GER-chT U20 Girls"]
[Site "Naumburg Saale"]
[Date "2014.12.28"]
[Round "3.2"]
[White "Reyher, Susan"]
[Black "Mangei, Jasmin"]
[Result "0-1"]
[WhiteElo "1628"]
[BlackElo "1760"]
[PlyCount "44"]
[EventDate "2014.12.27"]
[EventType "team-swiss"]
[EventRounds "7"]
[EventCountry "GER"]
[SourceTitle "EXT 2016"]
[Source "ChessBase"]
[SourceDate "2015.10.08"]
[SourceVersion "1"]
[SourceVersionDate "2015.10.08"]
[SourceQuality "1"]
[WhiteTeam "Ruedersdorf"]
[BlackTeam "Karlsruhe"]
[WhiteTeamCountry "GER"]
[BlackTeamCountry "GER"]

1. e4 e5 2. Bc4 Nf6 3. d3 c6 4. Nf3 d5 5. Bb3 Bb4+ 6. Bd2 Bxd2+ 7. Nbxd2 Qd6 8. 0-0 0-0 9. h3 Nbd7 10. Qe2 Re8 11. Nh4 Nc5 12. Qe3 Nxb3 13. axb3 b6 14. f4 Bd7 15. Rae1 exf4 16. Rxf4 dxe4 17. dxe4 Nd5 18. e5 Qh6 19. Qd3 Nxf4 20. Qxd7 Qxh4 21. Rf1 Ne2+ 22. Kh1 Ng3+ 0-1